| 000 -LEADER |
| fixed length control field |
01620cam a22004215a 4500 |
| 001 - CONTROL NUMBER |
| control field |
13363701 |
| 003 - CONTROL NUMBER IDENTIFIER |
| control field |
Nust |
| 005 - DATE AND TIME OF LATEST TRANSACTION |
| control field |
20220830104112.0 |
| 008 - FIXED-LENGTH DATA ELEMENTS--GENERAL INFORMATION |
| fixed length control field |
031006r20031841enka b 000 1 eng |
| 010 ## - LIBRARY OF CONGRESS CONTROL NUMBER |
| LC control number |
2003274743 |
| 020 ## - INTERNATIONAL STANDARD BOOK NUMBER |
| International Standard Book Number |
9781853267390 |
| 040 ## - CATALOGING SOURCE |
| Original cataloging agency |
DLC |
| Transcribing agency |
DLC |
| Modifying agency |
DLC |
| 043 ## - GEOGRAPHIC AREA CODE |
| Geographic area code |
e-uk-en |
| 050 00 - LIBRARY OF CONGRESS CALL NUMBER |
| Classification number |
PR4555.A2 |
| Item number |
H87 2003 |
| 082 00 - DEWEY DECIMAL CLASSIFICATION NUMBER |
| Classification number |
823 |
| Author Mark |
DIC |
| 100 1# - MAIN ENTRY--PERSONAL NAME |
| Personal name |
Dickens, Charles, |
| Dates associated with a name |
1812-1870. |
| 9 (RLIN) |
12180 |
| 245 10 - TITLE STATEMENT |
| Title |
Barnaby Rudge : |
| Statement of responsibility, etc. |
Charles Dickens |
| 260 ## - PUBLICATION, DISTRIBUTION, ETC. |
| Place of publication, distribution, etc. |
Oxford ; |
| -- |
New York : |
| Name of publisher, distributor, etc. |
Oxford University Press, |
| Date of publication, distribution, etc. |
1998. |
| 300 ## - PHYSICAL DESCRIPTION |
| Extent |
xlvii, 648 p. : |
| Other physical details |
ill. ; |
| Dimensions |
20 cm. |
| 490 1# - SERIES STATEMENT |
| Series statement |
Oxford world's classics |
| 500 ## - GENERAL NOTE |
| General note |
Based on the 1841 ed. |
| 500 ## - GENERAL NOTE |
| General note |
Illustrations by George Cattermole and Hablot K. Browne. |
| 504 ## - BIBLIOGRAPHY, ETC. NOTE |
| Bibliography, etc. note |
Includes bibliographical references (p. [xxx]-xxxiv). |
| 650 00 - SUBJECT ADDED ENTRY--TOPICAL TERM |
| Topical term or geographic name entry element |
Gordon Riots, 1780 |
| Form subdivision |
Fiction. |
| 9 (RLIN) |
98595 |
| 650 #0 - SUBJECT ADDED ENTRY--TOPICAL TERM |
| Topical term or geographic name entry element |
Apprentices |
| Form subdivision |
Fiction. |
| 9 (RLIN) |
98596 |
| 650 #0 - SUBJECT ADDED ENTRY--TOPICAL TERM |
| Topical term or geographic name entry element |
Locksmiths |
| Form subdivision |
Fiction. |
| 9 (RLIN) |
98597 |
| 651 #0 - SUBJECT ADDED ENTRY--GEOGRAPHIC NAME |
| Geographic name |
London (England) |
| General subdivision |
History |
| Chronological subdivision |
18th century |
| Form subdivision |
Fiction. |
| 9 (RLIN) |
98598 |
| 655 #7 - INDEX TERM--GENRE/FORM |
| Genre/form data or focus term |
Historical fiction. |
| Source of term |
gsafd |
| 655 #7 - INDEX TERM--GENRE/FORM |
| Genre/form data or focus term |
Political fiction. |
| Source of term |
lcsh |
| 655 #7 - INDEX TERM--GENRE/FORM |
| Genre/form data or focus term |
Mystery fiction. |
| Source of term |
gsafd |
| 700 1# - ADDED ENTRY--PERSONAL NAME |
| Personal name |
Browne, Hablot Knight, |
| Dates associated with a name |
1815-1882. |
| 9 (RLIN) |
12199 |
| 830 #0 - SERIES ADDED ENTRY--UNIFORM TITLE |
| Uniform title |
Oxford world's classics (Oxford University Press) |
| 9 (RLIN) |
11781 |
| 856 42 - ELECTRONIC LOCATION AND ACCESS |
| Materials specified |
Publisher description |
| Uniform Resource Identifier |
<a href="http://www.loc.gov/catdir/enhancements/fy0615/2003274743-d.html">http://www.loc.gov/catdir/enhancements/fy0615/2003274743-d.html</a> |
| 856 42 - ELECTRONIC LOCATION AND ACCESS |
| Materials specified |
Contributor biographical information |
| Uniform Resource Identifier |
<a href="http://www.loc.gov/catdir/enhancements/fy0725/2003274743-b.html">http://www.loc.gov/catdir/enhancements/fy0725/2003274743-b.html</a> |
| 906 ## - LOCAL DATA ELEMENT F, LDF (RLIN) |
| a |
7 |
| b |
cbc |
| c |
origcop |
| d |
2 |
| e |
ncip |
| f |
20 |
| g |
y-gencatlg |
| 942 ## - ADDED ENTRY ELEMENTS (KOHA) |
| Source of classification or shelving scheme |
|
| Koha item type |
Book |